Ekonomie

Salvato in:
Dettagli Bibliografici
Autore principale: Frank, Robert H.
Altri autori: Bernanke, Ben S., Fialová, Helena
Natura: Libro
Lingua:ceco
Pubblicazione: Praha Grada Publishing 2003
Edizione:dotisk 2005
Serie:Profesionál
Soggetti:
Tags: Aggiungi Tag
Nessun Tag, puoi essere il primo ad aggiungerne!!

MARC

LEADER 00000nam a2200000 4500
001 c142542
005 20221124084725.5
020 |a 80-247-0471-4 
041 0 |a cze 
044 |a CZ 
245 1 0 |a Ekonomie  |c Robert H. Frank, Ben S. Bernanke ; překlad: Helena Fialová ... et al. 
250 |a dotisk 2005 
264 1 |a Praha  |b Grada Publishing  |c 2003 
300 |a 803 s. 
490 1 |a Profesionál 
830 0 |a Profesionál 
610 2 0 |a ekonómia 
610 2 0 |a veda ekonomická 
610 2 0 |a myslenie ekonomické 
610 2 0 |a pojmy 
610 2 0 |a makroekonomika 
610 2 0 |a mikroekonomika 
100 1 |a Frank, Robert H. 
700 1 |a Bernanke, Ben S. 
700 1 |a Fialová, Helena